Normal view
MARC view
Entry Personal Name
001 - CONTROL NUMBER
- control field: 265187
003 - CONTROL NUMBER IDENTIFIER
- control field: OSt
005 - DATE AND TIME OF LATEST TRANSACTION
- control field: 20260604091507.0
008 - FIXED-LENGTH DATA ELEMENTS
- fixed length control field: 260604|| aca||aabn | a|a d
040 ## - CATALOGING SOURCE
- Original cataloging agency: OSt
- Transcribing agency: OSt
100 ## - HEADING--PERSONAL NAME
- Personal name: GAYATRI (N).
- Dates associated with a name: ಎನ್. ಗಾಯತ್ರಿ
670 ## - SOURCE DATA FOUND
- Source citation: Work cat.: (OSt)102892: GAYATRI (N). ಎನ್. ಗಾಯತ್ರಿ, Mahila chaluvaliya majalugalu., 1998